Online
Catalog

Doce mil minibiografias. / (Record no. 19756)

MARC details
000 -CABECERA
campo de control de longitud fija 00854nam a2200181 u 4500
001 - NÚMERO DE CONTROL
campo de control 000020251
005 - FECHA Y HORA DE LA ÚLTIMA TRANSACCIÓN
campo de control 20200929170331.0
008 - DATOS DE LONGITUD FIJA--INFORMACIÓN GENERAL
campo de control de longitud fija 100802s1986 pn a 000 0 spa d
040 ## - FUENTE DE LA CATALOGACIÓN
Centro catalogador/agencia de origen DO-SdBNP
Lengua de catalogación spa
Centro/agencia transcriptor BNPHU
245 00 - MENCIÓN DE TÍTULO
Título Doce mil minibiografias. /
Mención de responsabilidad, etc. dirección general María Eloisa Álvarez del Real.
246 12 - FORMA VARIANTE DE TÍTULO
Título propio/Titulo breve 12,000 minibiografías
250 ## - MENCIÓN DE EDICIÓN
Mención de edición 2a. ed. rev. y actualizada
260 ## - PUBLICACIÓN, DISTRIBUCIÓN, ETC.
Lugar de publicación, distribución, etc. Panamá :
Nombre del editor, distribuidor, etc. America,
Fecha de publicación, distribución, etc. 1986.
300 ## - DESCRIPCIÓN FÍSICA
Extensión 800 p. :
Otras características físicas il. ;
Dimensiones 20 cm.
504 ## - NOTA DE BIBLIOGRAFÍA, ETC.
Nota de bibliografía, etc. Bibliografía
500 ## - NOTA GENERAL
Nota general Un libro útil para estudiantes, estudiosos y para todo el que necesite una guía rápida sobre las grandes figuras de ayer y de hoy. Contiene secciones sobre la literatura universal, sus obras maestras, sus géneros y movimientos principales, así como sus términos especializados.
700 1# - PUNTO DE ACCESO ADICIONAL--NOMBRE DE PERSONA
Nombre de persona Álvarez del Real, María Eloisa
Término indicativo de función/relación dir. gen.
9 (RLIN) 42868
Holdings
Estado de retiro Estado de pérdida Restricciones de uso No para préstamo Código de colección Localización permanente Ubicación/localización actual Ubicación en estantería Fecha de adquisición Número de inventario Total de préstamos Signatura topográfica completa Código de barras Fecha visto por última vez Precio válido a partir de Tipo de ítem Koha
      Excluido de préstamo Monografías: Libros y Folletos Patrimonio Dominicano Patrimonio Dominicano Depósito 29.06.2015 LF1   20251-10 25.06.2020 25.06.2020 No se presta

Powered by Koha